000 00418nam a2200169Ia 4500
001 20266
005 20260306172753.0
008 260306t9999||||xx |||||||||||||| ||spa||
041 _aESP
082 _a343.1
_bCH19
100 _aChaname Orbe, Raul
_eAUT
245 0 _aHistoria de las constituciones (1812-1993)
300 _a102 páginas :
_c21 cm.
650 _aGEN
654 _aCDE
942 _cLIB
_dJUS
_fJUS
_2ddc
_n
999 _c20266
_d20266